| 000 | 01360cam a2200133 4500500 | ||
|---|---|---|---|
| 005 | 20260329000450.0 | ||
| 041 | _afre | ||
| 042 | _adc | ||
| 100 | 1 | 0 |
_aBrasart, Charles _eauthor |
| 245 | 0 | 0 | _aL'Essentiel de la grammaire anglaise : 200 exercices et leurs corrigés |
| 260 |
_bArmand Colin,
_c2021. |
||
| 520 | _aPour acquérir ou consolider une connaissance des bases du fonctionnement de l’anglais, à l’école, à l’université ou dans le monde du travail : - Vous trouverez au début de l’ouvrage un exercice vous permettant de vous orienter dans sa lecture : des phrases vous sont proposées, chacune contenant une ou plusieurs erreurs. Pour chaque exemple vous pourrez directement vous rendre au chapitre qui traite le point de grammaire de manière claire et illustrée. - En fin d’ouvrage, une liste des verbes irréguliers vous permettra de vérifier vos connaissances et un glossaire, de revoir la définition des termes techniques. - Vous trouverez également un petit précis de prononciation et d’intonation, un autre de ponctuation et l'essentiel de l'anglais en quelques dates. - Des exercices supplémentaires et leurs corrigés pour vous entraîner sont disponibles en compléments en ligne. | ||
| 856 | 4 | 1 | _uhttps://shs.cairn.info/l-essentiel-de-la-grammaire-anglaise--9782200626600?lang=fr&redirect-ssocas=7080 |
| 999 |
_c1796019 _d1796019 |
||